| 000 | 00884nam a2200181Ia 4500 | ||
|---|---|---|---|
| 999 |
_c10029 _d10029 |
||
| 005 | 20231123114249.0 | ||
| 008 | 231123s9999 xx 000 0 und d | ||
| 040 |
_aUPAN _cBiblioteca San Vicente _eRCAA2 |
||
| 041 | _aspa | ||
| 082 |
_a304.6 _bS253s _c1994 |
||
| 100 |
_aSalas de Estevez, Lesvia _4aut. |
||
| 245 | 0 |
_aEl Salvador: _bSituación sociodemográfica/ _cLesvia Salas de Estévez |
|
| 260 |
_aEl Salvador: _bMinisterio de educación, _c1994 |
||
| 300 |
_a113 p.; _c21 cm. |
||
| 505 | _aIndice, Unidad 1: Cambios en el volumen de la población 1. Unidad 2: Cambios en la fecundidad salvadoreña 23. Unidad 3: Cambios en la mortalidad salvadoreña 41. Unidad 4: Migración interna e internacional 65. Unidad 5: Cambios en la composición de la población salvadoreña 83. Unidad 6: Población y desarrollo 99. | ||
| 650 |
_2LEMB _aDemografía _zEl Salvador |
||
| 942 |
_cBK _2ddc |
||